Official Languages of Countries #15 - Statistics

General Stats
  • This quiz has been taken 34 times
  • The average score is 9 of 13
Answer Stats
Country Language % Correct
Ecuador Spanish
100%
Austria German
97%
Federated States of Micronesia English
93%
Papua New Guinea English
93%
Kyrgyzstan Russian
93%
Romania Romanian
90%
Kyrgyzstan Kyrgyz
83%
Guinea French
80%
Mauritania Arabic
77%
Myanmar Burmese
67%
Papua New Guinea Tok Pisin
33%
Papua New Guinea Papua New Guinean Sign Language
7%
Papua New Guinea Siri Motu
3%
No matching quizzes found
Score Distribution
Percent of People with Each Score
Percentile by Number Answered
Your Score History
You have not taken this quiz